Export abgeschlossen — 

 Biochemistry 6e

Gespeichert in:
Bibliographische Detailangaben
1. Verfasser:  Garrett, Reginald H
Format: Sách
Sprache:Undetermined
Veröffentlicht:  Sengage  2019
Schlagworte:
Tags: Tag hinzufügen
Keine Tags, Fügen Sie den ersten Tag hinzu!
Thư viện lưu trữ: Trung tâm Thư viện - Trường Đại học Công nghiệp TP. Hồ Chí Minh
LEADER 00471nam a2200157Ia 4500
001 UIH_06388
008 231011s9999 xx 000 0 und d
082 |a  540.2 
100 |a  Garrett, Reginald H 
245 0 |a  Biochemistry 6e 
245 0 |c  Garrett, Reginald H 
260 |b  Sengage 
260 |c  2019 
650 |a  Biochemistry; Hóa sinh học;  
927 |a Sách 
980 |a Trung tâm Thư viện - Trường Đại học Công nghiệp TP. Hồ Chí Minh